00956cam a22002771 4500001001300000003000400013005001700017008004100034010001700075035001900092040002600111042001200137050002200149051002700171082001100198100003400209245008100243260004800324300007400372410006400446504002600510650003000536650004400566700005100610999001700661gs 48000052 DLC20260227111353.0780317s1948 dcuab b f000 0 eng  ags 48000052  a(OCoLC)3726986 aDLCcOClUdOCoLCdDLC apremarc00aQE75b.P9 no. 213 aTN423.A5bP35cCopy 2. a553.411 aPardee, Joseph Thomas,d1871-10aGold deposits of the southern Piedmont,cby J. T. Pardee and C. F. Park, Jr. aWashington,bU.S. Govt. Print. Off.,c1948. avii, 156 p.billus., maps (part fold., in separate portfolio)c29 cm.20aUnited States.bGeological Survey.tProfessional paperv213 aBibliography: p. 3-8. 0aGeologyzSouthern States. 0aGold mines and miningzSouthern States.1 aPark, Charles Frederick,d1903-ejoint author. c28251d28251